[Event "Titled Tuesday intern op 24th Oct Late"]
[Site "Chess.com INT"]
[Date "2023.10.24"]
[Round "1"]
[White "Matyunin, Maxim"]
[Black "Paravyan, David"]
[Result "0-1"]
[WhiteElo "2099"]
[BlackElo "2599"]
[PlyCount "86"]
[EventDate "2023.10.24"]
[EventType "swiss (blitz)"]
[EventRounds "11"]
[EventCountry "USA"]
[SourceTitle "Mega2024 Update 01"]
[Source "Chessbase"]
[SourceDate "2023.11.12"]
[SourceVersion "1"]
[SourceVersionDate "2023.11.12"]
[SourceQuality "1"]

1. d4 d5 2. Nf3 Nf6 3. c4 dxc4 4. Nc3 Bf5 5. Bg5 Nbd7 6. e3 h6 7. Bh4 e6 8. e4 Bh7 9. e5 g5 10. Nxg5 hxg5 11. Bxg5 c6 12. exf6 Qa5 13. h4 0-0-0 14. Bxc4 Ne5 15. Qb3 Rxd4 16. Bxe6+ fxe6 17. Qxe6+ Kc7 18. 0-0 Rd6 19. Qe8 Bg6 20. b4 Bxe8 21. bxa5 Rd4 22. Rac1 a6 23. Be3 Rdxh4 24. Bb6+ Kc8 25. f3 Nd3 26. g4 Rh1+ 27. Kg2 R8h2+ 28. Kg3 Bd6+ 29. f4 Rh3+ 30. Kg2 R1h2+ 31. Kg1 Nxc1 32. Rxc1 Rh1+ 33. Kg2 Rxc1 34. Ne4 Rd3 35. g5 Rc2+ 36. Nf2 c5 37. f5 Bc6+ 38. Kf1 Rf3 39. f7 Rfxf2+ 40. Ke1 Rxf5 41. g6 Bg3+ 42. Kd1 Ba4 43. g7 Rf1# 0-1

[Event "Titled Tuesday intern op 26th Sep Late"]
[Site "Chess.com INT"]
[Date "2023.09.26"]
[Round "2"]
[White "Matyunin, Maxim"]
[Black "Juergens, Vera"]
[Result "1-0"]
[WhiteElo "2099"]
[BlackElo "2270"]
[PlyCount "67"]
[EventDate "2023.09.26"]
[EventType "swiss (blitz)"]
[EventRounds "11"]
[EventCountry "USA"]
[SourceTitle "EXT 2024"]
[Source "ChessBase"]
[SourceDate "2023.10.10"]
[SourceVersion "1"]
[SourceVersionDate "2023.10.10"]
[SourceQuality "1"]

1. d4 d6 2. Nf3 c6 3. c4 Nd7 4. Nc3 e5 5. Bg5 f6 6. Bh4 Ne7 7. e3 Nf5 8. Be2 Nxh4 9. Nxh4 g6 10. f4 Bg7 11. 0-0 exd4 12. exd4 f5 13. Nf3 0-0 14. d5 c5 15. Ng5 Nf6 16. Bf3 Re8 17. Re1 Bd7 18. Ne6 Qb6 19. Qb3 Ng4 20. Bxg4 fxg4 21. Qc2 Bxe6 22. dxe6 Bd4+ 23. Kh1 Qd8 24. Nd5 Qh4 25. g3 Qh3 26. Re4 Kg7 27. Rae1 Rac8 28. e7 Rc6 29. f5 gxf5 30. Rxd4 cxd4 31. Qxf5 Qh6 32. Rf1 Qg6 33. Qf8+ Rxf8 34. exf8Q# 1-0

[Event "Titled Tuesday intern op 26th Sep Late"]
[Site "Chess.com INT"]
[Date "2023.09.26"]
[Round "1"]
[White "Oparin, Grigoriy"]
[Black "Matyunin, Maxim"]
[Result "1-0"]
[WhiteElo "2681"]
[BlackElo "2099"]
[PlyCount "81"]
[EventDate "2023.09.26"]
[EventType "swiss (blitz)"]
[EventRounds "11"]
[EventCountry "USA"]
[SourceTitle "EXT 2024"]
[Source "ChessBase"]
[SourceDate "2023.10.10"]
[SourceVersion "1"]
[SourceVersionDate "2023.10.10"]
[SourceQuality "1"]

1. c4 e6 2. Nc3 d5 3. d4 Be7 4. cxd5 exd5 5. Bf4 Nf6 6. e3 0-0 7. Bd3 c6 8. Nge2 Be6 9. h3 Nbd7 10. 0-0 Re8 11. a3 Nf8 12. b4 Ng6 13. Bh2 Bd6 14. Bxd6 Qxd6 15. b5 Bd7 16. bxc6 bxc6 17. Na4 Ne4 18. Bxe4 Rxe4 19. Nc5 Rh4 20. Ng3 f5 21. f4 Re8 22. Qd2 Nf8 23. Rab1 Bc8 24. Nd3 g5 25. Ne5 gxf4 26. exf4 Qxa3 27. Rf3 Qa4 28. Rc1 Rh6 29. Rfc3 Bb7 30. Nxf5 Rf6 31. Rg3+ Kh8 32. Nh6 Ng6 33. Nhf7+ Kg7 34. f5 Rxf7 35. Nxf7 Kxf7 36. fxg6+ hxg6 37. Rf1+ Kg7 38. Qf4 Rg8 39. Qe5+ Kh6 40. Qg5+ Kg7 41. Qxg6+ 1-0

[Event "Titled Tuesday intern op 19th Sep Late"]
[Site "Chess.com INT"]
[Date "2023.09.19"]
[Round "3"]
[White "Jaracz, Pawel"]
[Black "Matyunin, Maxim"]
[Result "1-0"]
[WhiteElo "2472"]
[BlackElo "2099"]
[PlyCount "137"]
[EventDate "2023.09.19"]
[EventType "swiss (blitz)"]
[EventRounds "11"]
[EventCountry "USA"]
[SourceTitle "EXT 2024"]
[Source "ChessBase"]
[SourceDate "2023.10.10"]
[SourceVersion "1"]
[SourceVersionDate "2023.10.10"]
[SourceQuality "1"]

1. e4 e6 2. d3 d5 3. Nd2 c5 4. Ngf3 Nc6 5. g3 Nf6 6. Bg2 Be7 7. 0-0 0-0 8. Re1 b5 9. h4 Bb7 10. Qe2 c4 11. e5 Nd7 12. d4 b4 13. c3 a5 14. Nf1 a4 15. a3 bxc3 16. bxc3 Na5 17. Bg5 Nb3 18. Ra2 Ra6 19. Ne3 f6 20. exf6 Bxf6 21. Ng4 Bxg5 22. Nxg5 Re8 23. Ne5 Nxe5 24. Qxe5 Qd6 25. Qe3 h6 26. Nf3 Rf8 27. Bh3 Bc8 28. Ne5 Ra7 29. Ng6 Rf6 30. Nf4 Re7 31. Rae2 Qxa3 32. Nxd5 exd5 33. Qxe7 Qxe7 34. Rxe7 Bxh3 35. Ra7 Rf3 36. Ree7 Nc1 37. Rxg7+ Kf8 38. Rh7 Kg8 39. Rhg7+ Kf8 40. Rgb7 Kg8 41. Kh2 Be6 42. Kg2 Rf7 43. Rxf7 Bxf7 44. Rxa4 Kg7 45. g4 Be6 46. f3 Nd3 47. Kg3 Nc1 48. Kf2 Bf7 49. h5 Nd3+ 50. Ke3 Ne1 51. Ra2 Kf6 52. f4 Be6 53. Ra6 Ke7 54. f5 Bd7 55. Rxh6 Ng2+ 56. Kf3 Ne1+ 57. Kf4 Nd3+ 58. Ke3 Ba4 59. g5 Bc2 60. Rh7+ Kf8 61. g6 Ne1 62. h6 Ng2+ 63. Kf3 Nh4+ 64. Kf4 Nxf5 65. Rf7+ Kg8 66. h7+ Kh8 67. Rf8+ Kg7 68. h8Q+ Kxg6 69. Rf6# 1-0

[Event "Titled Tuesday intern op 12th Sep Late"]
[Site "Chess.com INT"]
[Date "2023.09.12"]
[Round "5"]
[White "Matyunin, Maxim"]
[Black "Ramadoss, Ashokkumar"]
[Result "1-0"]
[WhiteElo "2099"]
[BlackElo "2110"]
[PlyCount "31"]
[EventDate "2023.09.12"]
[EventType "swiss (blitz)"]
[EventRounds "11"]
[EventCountry "USA"]
[SourceTitle "EXT 2024"]
[Source "ChessBase"]
[SourceDate "2023.10.10"]
[SourceVersion "1"]
[SourceVersionDate "2023.10.10"]
[SourceQuality "1"]

1. d4 Nf6 2. Nf3 g6 3. c4 c5 4. d5 b5 5. Qc2 Bg7 6. e4 d6 7. Be2 0-0 8. 0-0 bxc4 9. Nc3 a5 10. Bg5 Na6 11. Bxc4 Nb4 12. Qe2 Ba6 13. Bxa6 Nxa6 14. Rad1 Nd7 15. h3 Rb8 16. Qxa6 1-0

[Event "Titled Tuesday intern op 12th Sep Late"]
[Site "Chess.com INT"]
[Date "2023.09.12"]
[Round "8"]
[White "Matyunin, Maxim"]
[Black "Spichkin, Alexander"]
[Result "1/2-1/2"]
[WhiteElo "2099"]
[BlackElo "2052"]
[PlyCount "159"]
[EventDate "2023.09.12"]
[EventType "swiss (blitz)"]
[EventRounds "11"]
[EventCountry "USA"]
[SourceTitle "EXT 2024"]
[Source "ChessBase"]
[SourceDate "2023.10.10"]
[SourceVersion "1"]
[SourceVersionDate "2023.10.10"]
[SourceQuality "1"]

1. d4 e6 2. Nf3 f5 3. c4 Nf6 4. Nc3 d6 5. Bg5 Be7 6. e3 0-0 7. Be2 b6 8. Qc2 Bb7 9. 0-0 Ne4 10. Bxe7 Qxe7 11. d5 Nxc3 12. bxc3 exd5 13. Nd4 Qf6 14. Bf3 c5 15. Nb5 Na6 16. cxd5 Qe5 17. Rad1 Bc8 18. a3 Bd7 19. c4 Bxb5 20. cxb5 Nc7 21. a4 g5 22. h3 Rae8 23. Rfe1 Re7 24. e4 f4 25. Bg4 Ne8 26. Be6+ Kh8 27. a5 Nf6 28. axb6 axb6 29. f3 h5 30. Rc1 g4 31. hxg4 hxg4 32. Qc3 Qxc3 33. Rxc3 gxf3 34. Rxf3 Nh5 35. Kf2 Rh7 36. e5 dxe5 37. Rxe5 Ng7 38. Bg4 Rh4 39. Bh3 Rh5 40. Rxh5+ Nxh5 41. d6 Kg7 42. d7 Kf6 43. Rd3 Ke7 44. Rd5 Nf6 45. Re5+ Kd8 46. Be6 Rh8 47. Kf3 Rh4 48. Rf5 Nxd7 49. Rd5 Rh7 50. Kxf4 Re7 51. Kf5 Ke8 52. g4 Nf8 53. Bc8 Rc7 54. Ba6 c4 55. Rd2 c3 56. Rc2 Kf7 57. Ke4 Ne6 58. Kd5 Kf6 59. Kd6 Rc5 60. Rf2+ Kg5 61. Kxe6 c2 62. Rxc2 Rxc2 63. Bb7 Kxg4 64. Kd6 Kf4 65. Bc6 Kf5 66. Kc7 Ke6 67. Kxb6 Kd6 68. Kb7 Rc5 69. Kb6 Rg5 70. Kb7 Rg7+ 71. Kb6 Rg6 72. Kb7 Kc5 73. Kc7 Rg7+ 74. Bd7 Rg6 75. Bc6 Rf6 76. Bd7 Rh6 77. Bc6 Rd6 78. Bd7 Rb6 79. Bc6 Rxb5 80. Bxb5 1/2-1/2

[Event "Titled Tuesday intern op 05th Sep Late"]
[Site "Chess.com INT"]
[Date "2023.09.05"]
[Round "1"]
[White "Andreikin, Dmitry"]
[Black "Matyunin, Maxim"]
[Result "1-0"]
[WhiteElo "2729"]
[BlackElo "2099"]
[PlyCount "97"]
[EventDate "2023.09.05"]
[EventType "swiss (blitz)"]
[EventRounds "11"]
[EventCountry "USA"]
[SourceTitle "EXT 2024"]
[Source "ChessBase"]
[SourceDate "2023.10.10"]
[SourceVersion "1"]
[SourceVersionDate "2023.10.10"]
[SourceQuality "1"]

1. d4 e6 2. Nf3 d5 3. c4 Nf6 4. Bg5 Be7 5. e3 0-0 6. Qc2 h6 7. Bxf6 Bxf6 8. h4 c5 9. g4 Be7 10. g5 h5 11. Nc3 Nc6 12. 0-0-0 cxd4 13. exd4 Bd7 14. Kb1 Rc8 15. Be2 dxc4 16. Ne5 Nb4 17. Qe4 Nd5 18. Bxh5 Nxc3+ 19. bxc3 Ba3 20. Ka1 Bc6 21. Qf4 f5 22. Rh3 Be4 23. Bg6 Qb6 24. Qd2 Bd6 25. Nd7 Qc7 26. Nxf8 Rxf8 27. Qe2 Bf4 28. Qh5 Rd8 29. Qh7+ Kf8 30. Qh8+ Ke7 31. Qxg7+ Kd6 32. Qxc7+ Kxc7 33. Bf7 e5 34. g6 exd4 35. Rxd4 Be5 36. Rxd8 Kxd8 37. h5 Bd3 38. Kb2 b5 39. a3 a5 40. h6 b4 41. g7 bxc3+ 42. Ka2 c2 43. g8Q+ Kc7 44. Rh1 c3 45. Kb3 a4+ 46. Kxa4 Kb6 47. Bc4 Bxc4 48. Qxc4 c1Q 49. Rxc1 1-0

[Event "Titled Tuesday intern op 05th Sep Late"]
[Site "Chess.com INT"]
[Date "2023.09.05"]
[Round "8"]
[White "Bogaudinov, Rushan"]
[Black "Matyunin, Maxim"]
[Result "1-0"]
[WhiteElo "1853"]
[BlackElo "2099"]
[PlyCount "107"]
[EventDate "2023.09.05"]
[EventType "swiss (blitz)"]
[EventRounds "11"]
[EventCountry "USA"]
[SourceTitle "EXT 2024"]
[Source "ChessBase"]
[SourceDate "2023.10.10"]
[SourceVersion "1"]
[SourceVersionDate "2023.10.10"]
[SourceQuality "1"]

1. e4 e6 2. Nf3 d5 3. e5 c5 4. b4 cxb4 5. d4 Nc6 6. a3 Nh6 7. axb4 Bxb4+ 8. c3 Bf8 9. Bd3 Nf5 10. Na3 Be7 11. Nb5 0-0 12. h4 a6 13. g4 Nxh4 14. Nxh4 Bxh4 15. Nd6 h6 16. Bc2 f5 17. gxf5 exf5 18. Qh5 Bg5 19. f4 Be7 20. Ba3 b5 21. Rg1 Bxd6 22. Bxd6 Kh8 23. Bxf8 Qxf8 24. Rg6 Bd7 25. Rd6 Ra7 26. Rxd5 b4 27. Rxd7 Rxd7 28. Qxf5 Qxf5 29. Bxf5 Rf7 30. Be4 Ne7 31. Rxa6 g5 32. fxg5 hxg5 33. Rh6+ Kg8 34. Kd2 Rf4 35. Bb7 b3 36. Rh1 Nf5 37. Rb1 Rf2+ 38. Kd3 b2 39. Bd5+ Kf8 40. Ba2 g4 41. Ke4 Ng3+ 42. Kd5 Nh5 43. Kd6 g3 44. e6 Ng7 45. e7+ Ke8 46. d5 Nf5+ 47. Ke5 Kxe7 48. c4 g2 49. c5 Rf1 50. d6+ Kd8 51. c6 Nxd6 52. Kxd6 g1Q 53. c7+ Ke8 54. c8Q# 1-0

[Event "Titled Tuesday intern op 29th Aug Early"]
[Site "Chess.com INT"]
[Date "2023.08.29"]
[Round "6"]
[White "Spichkin, Alexander"]
[Black "Matyunin, Maxim"]
[Result "0-1"]
[WhiteElo "2052"]
[BlackElo "2099"]
[PlyCount "48"]
[EventDate "2023.08.29"]
[EventType "swiss (blitz)"]
[EventRounds "11"]
[EventCountry "USA"]
[SourceTitle "EXT 2024"]
[Source "ChessBase"]
[SourceDate "2023.10.10"]
[SourceVersion "1"]
[SourceVersionDate "2023.10.10"]
[SourceQuality "1"]

1. f4 e6 2. Nf3 d5 3. e3 c5 4. b3 Nc6 5. Bb5 Nf6 6. Bb2 Be7 7. Ne5 Qb6 8. a4 0-0 9. Bxc6 bxc6 10. a5 Qc7 11. 0-0 Nd7 12. Rf3 Nxe5 13. Bxe5 Bd6 14. Bb2 e5 15. Rg3 f6 16. fxe5 Bxe5 17. Bxe5 Qxe5 18. Nc3 d4 19. Na4 Ba6 20. Qf3 dxe3 21. Re1 e2 22. d3 Rae8 23. Qxc6 Qd4+ 24. Kh1 Qf2 0-1

[Event "Titled Tuesday intern op 22nd Aug Early"]
[Site "Chess.com INT"]
[Date "2023.08.22"]
[Round "5"]
[White "Rietze, Clemens"]
[Black "Matyunin, Maxim"]
[Result "1-0"]
[WhiteElo "2329"]
[BlackElo "2099"]
[PlyCount "75"]
[EventDate "2023.08.22"]
[EventType "swiss (blitz)"]
[EventRounds "11"]
[EventCountry "USA"]
[SourceTitle "EXT 2024"]
[Source "ChessBase"]
[SourceDate "2023.10.10"]
[SourceVersion "1"]
[SourceVersionDate "2023.10.10"]
[SourceQuality "1"]

1. d4 e6 2. c4 d5 3. Nf3 Nf6 4. Nc3 Be7 5. Bf4 0-0 6. e3 b6 7. Be2 Nbd7 8. 0-0 Bb7 9. Qc2 c5 10. cxd5 Nxd5 11. Nxd5 Bxd5 12. e4 Bb7 13. Rad1 cxd4 14. Rxd4 Bc5 15. Rd2 Qe7 16. Rfd1 Nf6 17. e5 Nd5 18. Bg5 Qc7 19. a3 Rac8 20. Qa4 h6 21. Qh4 Be7 22. Bxe7 Qxe7 23. Qg4 Rc7 24. Bd3 Rfc8 25. h4 Rc1 26. h5 Rxd1+ 27. Rxd1 f5 28. exf6 Nxf6 29. Qh3 e5 30. Bb1 Rd8 31. Re1 e4 32. Ba2+ Kh7 33. Qf5+ Kh8 34. Ne5 Qc5 35. Ng6+ Kh7 36. Nf8+ Kh8 37. Qh7+ Nxh7 38. Ng6# 1-0

[Event "Titled Tuesday intern op 15th Aug Late"]
[Site "Chess.com INT"]
[Date "2023.08.15"]
[Round "8"]
[White "Balla, Tamas Kristof"]
[Black "Matyunin, Maxim"]
[Result "1-0"]
[WhiteElo "2303"]
[BlackElo "2099"]
[PlyCount "129"]
[EventDate "2023.08.15"]
[EventType "swiss (blitz)"]
[EventRounds "11"]
[EventCountry "USA"]
[SourceTitle "EXT 2024"]
[Source "ChessBase"]
[SourceDate "2023.10.10"]
[SourceVersion "1"]
[SourceVersionDate "2023.10.10"]
[SourceQuality "1"]

1. e4 e6 2. d4 d5 3. Nd2 Nf6 4. e5 Nfd7 5. Bd3 c5 6. c3 Nc6 7. Ne2 cxd4 8. cxd4 f6 9. exf6 Nxf6 10. Nf3 Bd6 11. 0-0 Qc7 12. h3 0-0 13. Bg5 Bd7 14. Nc3 a6 15. a3 Rae8 16. Rc1 Qb8 17. Bb1 h6 18. Bxf6 Rxf6 19. Qd3 Bf4 20. Qh7+ Kf7 21. Rce1 Rh8 22. Qd3 Ne7 23. Ne5+ Bxe5 24. dxe5 Rg6 25. Qf3+ Kg8 26. Bxg6 Nxg6 27. Nxd5 Kh7 28. Nc3 Rf8 29. Qe4 Bc6 30. Qc2 Rf5 31. Re3 Qf8 32. Rg3 Nf4 33. Ne4 h5 34. Nd6 h4 35. Rg4 g5 36. Nxf5 exf5 37. Rxg5 Be4 38. Qc7+ Kh6 39. f3 Bd3 40. Qb6+ Kxg5 41. Rd1 Qg7 42. Qe3 Qd7 43. e6 Qxe6 44. Rxd3 Qc6 45. Rd4 Qc7 46. Rb4 b5 47. Rd4 a5 48. Kh2 b4 49. axb4 axb4 50. Rxb4 Qd6 51. Rxf4 Qxf4+ 52. Qxf4+ Kxf4 53. Kg1 Kg3 54. b4 f4 55. Kf1 Kh2 56. b5 Kg3 57. b6 Kh2 58. b7 Kg3 59. b8Q Kh2 60. Qxf4+ Kh1 61. Qxh4 Kh2 62. g4 Kh1 63. Qg5 Kh2 64. Qd2+ Kh1 65. Qg2# 1-0

[Event "Titled Tuesday intern op 15th Aug Late"]
[Site "Chess.com INT"]
[Date "2023.08.15"]
[Round "3"]
[White "Figorito, Nick"]
[Black "Matyunin, Maxim"]
[Result "1/2-1/2"]
[WhiteElo "2036"]
[BlackElo "2099"]
[PlyCount "89"]
[EventDate "2023.08.15"]
[EventType "swiss (blitz)"]
[EventRounds "11"]
[EventCountry "USA"]
[SourceTitle "EXT 2024"]
[Source "ChessBase"]
[SourceDate "2023.10.10"]
[SourceVersion "1"]
[SourceVersionDate "2023.10.10"]
[SourceQuality "1"]

1. Nf3 e6 2. g3 d5 3. Bg2 c5 4. 0-0 Nc6 5. d4 Nf6 6. c4 cxd4 7. Nxd4 Be7 8. Nc3 0-0 9. cxd5 exd5 10. Bg5 Be6 11. Rc1 h6 12. Be3 Re8 13. Ncb5 a6 14. Nxc6 bxc6 15. Nd4 c5 16. Nc6 Qd7 17. Nxe7+ Rxe7 18. Bxc5 Ree8 19. Bd4 Ne4 20. Be5 Bh3 21. Bxh3 Qxh3 22. Qxd5 Ng5 23. Bf4 Rad8 24. Qg2 Qxg2+ 25. Kxg2 Rxe2 26. Bxg5 hxg5 27. Rc6 a5 28. Rc5 a4 29. Ra5 Rd4 30. b3 Rxa2 31. bxa4 g4 32. Ra8+ Kh7 33. Ra7 Kg6 34. a5 Rda4 35. Rd1 Rxa5 36. Rd6+ f6 37. Rxa5 Rxa5 38. Rd4 Kg5 39. Rc4 f5 40. Rd4 g6 41. Rc4 Rb5 42. Rd4 Ra5 43. Rc4 Rd5 44. Rb4 Ra5 45. Rc4 1/2-1/2

[Event "Titled Tuesday intern op 15th Aug Late"]
[Site "Chess.com INT"]
[Date "2023.08.15"]
[Round "1"]
[White "Matyunin, Maxim"]
[Black "Ai, Evan Zihao"]
[Result "1-0"]
[WhiteElo "2099"]
[BlackElo "2199"]
[PlyCount "63"]
[EventDate "2023.08.15"]
[EventType "swiss (blitz)"]
[EventRounds "11"]
[EventCountry "USA"]
[SourceTitle "EXT 2024"]
[Source "ChessBase"]
[SourceDate "2023.10.10"]
[SourceVersion "1"]
[SourceVersionDate "2023.10.10"]
[SourceQuality "1"]

1. d4 Nf6 2. Nf3 e6 3. c4 d5 4. Nc3 Be7 5. Bg5 0-0 6. e3 c6 7. Rc1 Nbd7 8. cxd5 exd5 9. Bd3 Re8 10. 0-0 h6 11. Bf4 Nb6 12. Ne5 Bd6 13. Bb1 Qe7 14. Qc2 Nbd7 15. Ng4 Bxf4 16. exf4 Ne4 17. f3 Nef6 18. Rce1 Qd8 19. Ne5 c5 20. Nxd5 g6 21. Nxf6+ Qxf6 22. dxc5 Nxe5 23. fxe5 Rxe5 24. Qc3 Re6 25. Qxf6 Rxf6 26. Re8+ Kg7 27. Rd1 Re6 28. Rdd8 Rxe8 29. Rxe8 Rb8 30. b4 b6 31. c6 Ra8 32. Be4 1-0

[Event "Titled Tuesday intern op 15th Aug Early"]
[Site "Chess.com INT"]
[Date "2023.08.15"]
[Round "2"]
[White "Matyunin, Maxim"]
[Black "Rodriguez Santiago, Jaime"]
[Result "1-0"]
[WhiteElo "2099"]
[BlackElo "2020"]
[PlyCount "69"]
[EventDate "2023.08.15"]
[EventType "swiss (blitz)"]
[EventRounds "11"]
[EventCountry "USA"]
[SourceTitle "EXT 2024"]
[Source "ChessBase"]
[SourceDate "2023.10.10"]
[SourceVersion "1"]
[SourceVersionDate "2023.10.10"]
[SourceQuality "1"]

1. d4 Nf6 2. Nf3 d5 3. c4 e6 4. Nc3 c5 5. Bg5 dxc4 6. e4 Nc6 7. d5 exd5 8. exd5 Nb4 9. Bxc4 Qe7+ 10. Be2 h6 11. Bh4 g5 12. Bg3 Bg4 13. 0-0 0-0-0 14. d6 Qe6 15. Nb5 a6 16. a3 Nc6 17. Nc7 Qd7 18. Ne5 Nxe5 19. Bxe5 Bxe2 20. Qxe2 Qf5 21. Nxa6 Bxd6 22. Bxd6 Rxd6 23. Nxc5 Re8 24. Qb5 Re7 25. Rac1 Rc6 26. b4 Qf4 27. g3 Qd2 28. Rcd1 Qe2 29. Qa5 Nd7 30. Qa8+ Nb8 31. Rd8+ Kxd8 32. Qxb8+ Rc8 33. Nxb7+ Kd7 34. Nc5+ Ke8 35. Qxc8# 1-0

[Event "Titled Tuesday intern op 15th Aug Early"]
[Site "Chess.com INT"]
[Date "2023.08.15"]
[Round "3"]
[White "Skiadopoulos, Nikolaos"]
[Black "Matyunin, Maxim"]
[Result "0-1"]
[WhiteElo "1896"]
[BlackElo "2099"]
[PlyCount "60"]
[EventDate "2023.08.15"]
[EventType "swiss (blitz)"]
[EventRounds "11"]
[EventCountry "USA"]
[SourceTitle "EXT 2024"]
[Source "ChessBase"]
[SourceDate "2023.10.10"]
[SourceVersion "1"]
[SourceVersionDate "2023.10.10"]
[SourceQuality "1"]

1. e4 e6 2. d4 d5 3. e5 c5 4. c3 Qb6 5. Nf3 Bd7 6. Bd3 Bb5 7. 0-0 Bxd3 8. Qxd3 Nc6 9. dxc5 Bxc5 10. b4 Bf8 11. b5 Nce7 12. Be3 Qc7 13. Bd4 Nh6 14. Nbd2 Nhf5 15. g4 Nh6 16. h3 Ng6 17. Qe3 Be7 18. Bxa7 0-0 19. Bd4 f6 20. exf6 Bxf6 21. Bxf6 Rxf6 22. g5 Nf5 23. Qe2 Nf4 24. Qd1 Nxh3+ 25. Kg2 Nf4+ 26. Kg1 Rg6 27. c4 Nh3+ 28. Kg2 Nxg5 29. Nxg5 Rxg5+ 30. Kh3 Rg3+ 0-1

[Event "Titled Tuesday intern op 08th Aug Late"]
[Site "Chess.com INT"]
[Date "2023.08.08"]
[Round "6"]
[White "Chen, Max"]
[Black "Matyunin, Maxim"]
[Result "0-1"]
[WhiteElo "2176"]
[BlackElo "2099"]
[PlyCount "118"]
[EventDate "2023.08.08"]
[EventType "swiss (blitz)"]
[EventRounds "11"]
[EventCountry "USA"]
[SourceTitle "EXT 2024"]
[Source "ChessBase"]
[SourceDate "2023.10.10"]
[SourceVersion "1"]
[SourceVersionDate "2023.10.10"]
[SourceQuality "1"]

1. e4 e6 2. Qe2 c5 3. Nf3 Nc6 4. g3 Nf6 5. Bg2 Be7 6. 0-0 d5 7. e5 Nd7 8. d3 Qc7 9. Bf4 b5 10. a4 b4 11. c4 dxc4 12. dxc4 Bb7 13. Nbd2 Nd4 14. Nxd4 cxd4 15. Rad1 Bxg2 16. Kxg2 Nc5 17. Nf3 d3 18. Qe3 Rd8 19. Rd2 Nxa4 20. Ra1 Nc5 21. Nd4 0-0 22. h4 Rxd4 23. Qxd4 Nb3 24. Qxa7 Qc6+ 25. Kg1 Bc5 26. Qa4 Qxa4 27. Rxa4 Nxd2 28. Bxd2 Rb8 29. b3 h6 30. Kg2 Kh7 31. Kf3 Kg6 32. Ra5 Bd4 33. Ke4 Bxf2 34. g4 Bxh4 35. c5 f5+ 36. exf6 gxf6 37. c6 Bf2 38. Kxd3 Rc8 39. Ra6 h5 40. gxh5+ Kxh5 41. Bxb4 e5 42. Bd6 Kg4 43. b4 Kf3 44. Kc4 e4 45. b5 e3 46. Ra3 Ke4 47. Ra2 f5 48. Kc5 e2+ 49. Kc4 e1Q 50. Bb4 Qf1+ 51. Kb3 Qxb5 52. Rxf2 Rxc6 53. Rb2 Rc4 54. Ka3 f4 55. Re2+ Kf5 56. Rb2 f3 57. Rb3 Rxb4 58. Rxf3+ Ke4 59. Rf5 Qa4# 0-1

[Event "Titled Tuesday intern op 08th Aug Early"]
[Site "Chess.com INT"]
[Date "2023.08.08"]
[Round "6"]
[White "Fernandez Siles, Luis"]
[Black "Matyunin, Maxim"]
[Result "1-0"]
[WhiteElo "2218"]
[BlackElo "2099"]
[PlyCount "69"]
[EventDate "2023.08.08"]
[EventType "swiss (blitz)"]
[EventRounds "11"]
[EventCountry "USA"]
[SourceTitle "EXT 2024"]
[Source "ChessBase"]
[SourceDate "2023.10.10"]
[SourceVersion "1"]
[SourceVersionDate "2023.10.10"]
[SourceQuality "1"]

1. e4 e6 2. d4 d5 3. e5 c5 4. c3 Qb6 5. Nf3 Bd7 6. a3 Bb5 7. b4 cxd4 8. Bxb5+ Qxb5 9. cxd4 Qd7 10. 0-0 Nc6 11. Nc3 Nh6 12. Be3 Nf5 13. g4 Nh6 14. Ne1 f6 15. f4 Nf7 16. Nd3 Be7 17. f5 fxe5 18. dxe5 Ncxe5 19. Nf4 exf5 20. Nfxd5 Nxg4 21. Bc5 Bxc5+ 22. bxc5 0-0 23. Rxf5 Rad8 24. Qxg4 Kh8 25. Raf1 Rfe8 26. R5f4 Qxg4+ 27. Rxg4 Ne5 28. Rgf4 Nd3 29. Rf7 Nxc5 30. Rc7 b6 31. Rff7 Re5 32. Rxg7 Rh5 33. Nf6 Ne6 34. Rxh7+ Rxh7 35. Rxh7# 1-0

[Event "Titled Tuesday intern op 08th Aug Late"]
[Site "Chess.com INT"]
[Date "2023.08.08"]
[Round "8"]
[White "Krishnan, Varun"]
[Black "Matyunin, Maxim"]
[Result "1-0"]
[WhiteElo "2341"]
[BlackElo "2099"]
[PlyCount "59"]
[EventDate "2023.08.08"]
[EventType "swiss (blitz)"]
[EventRounds "11"]
[EventCountry "USA"]
[SourceTitle "EXT 2024"]
[Source "ChessBase"]
[SourceDate "2023.10.10"]
[SourceVersion "1"]
[SourceVersionDate "2023.10.10"]
[SourceQuality "1"]

1. d4 e6 2. c4 d5 3. Nc3 Be7 4. Nf3 Nf6 5. Bf4 0-0 6. e3 b6 7. cxd5 exd5 8. Bd3 Be6 9. 0-0 c5 10. Ne5 Bd6 11. Qf3 cxd4 12. exd4 a6 13. Bg5 Nbd7 14. Nxd7 Qxd7 15. Bxf6 gxf6 16. Qxf6 Be7 17. Qh6 f5 18. Rfe1 Rf6 19. Qh5 Raf8 20. Re3 Bd6 21. Rae1 f4 22. Rxe6 Rxe6 23. Rxe6 Rf7 24. Re1 f3 25. Nxd5 fxg2 26. Bxh7+ Rxh7 27. Nf6+ Kh8 28. Re8+ Kg7 29. Qxh7+ Kxf6 30. Qxd7 1-0

[Event "Titled Tuesday intern op 08th Aug Early"]
[Site "Chess.com INT"]
[Date "2023.08.08"]
[Round "5"]
[White "Matyunin, Maxim"]
[Black "Cagara, Paulina"]
[Result "0-1"]
[WhiteElo "2099"]
[BlackElo "2085"]
[PlyCount "102"]
[EventDate "2023.08.08"]
[EventType "swiss (blitz)"]
[EventRounds "11"]
[EventCountry "USA"]
[SourceTitle "EXT 2024"]
[Source "ChessBase"]
[SourceDate "2023.10.10"]
[SourceVersion "1"]
[SourceVersionDate "2023.10.10"]
[SourceQuality "1"]

1. d4 f5 2. Nf3 Nf6 3. c4 g6 4. Nc3 Bg7 5. Bg5 0-0 6. e3 d6 7. Be2 c6 8. Qc2 Nbd7 9. Rd1 h6 10. Bh4 g5 11. Bg3 Qe8 12. Qxf5 Ne5 13. Qc2 Ng6 14. c5 d5 15. Ne5 Nxe5 16. Bxe5 Ng4 17. Bxg7 Kxg7 18. 0-0 e5 19. h3 Nxf2 20. Rxf2 Rxf2 21. Kxf2 exd4 22. exd4 Qf7+ 23. Bf3 Bf5 24. Qd2 Rf8 25. Kg1 Bxh3 26. Qe3 Bf5 27. Re1 Qg6 28. Qe5+ Kg8 29. Qd6 Qg7 30. Re5 Bd3 31. Qe7 Rf7 32. Qe8+ Kh7 33. Bh5 Rf1+ 34. Kh2 Rf8 35. Re7 Rxe8 36. Rxg7+ Kxg7 37. Bxe8 Kf6 38. Bd7 h5 39. Bc8 b6 40. Bd7 bxc5 41. dxc5 d4 42. Nd1 Be4 43. b4 a6 44. a4 g4 45. b5 axb5 46. axb5 cxb5 47. Bxb5 h4 48. c6 g3+ 49. Kh3 Kg5 50. Nf2 Bf5+ 51. Ng4 Bxg4# 0-1